A course Electrical Technology In Ratioalized M.K.S.A Units / (Record no. 12448)

000 -LEADER
fixed length control field 00469nam a22001697a 4500
008 - FIXED-LENGTH DATA ELEMENTS--GENERAL INFORMATION
fixed length control field 210202b ||||| |||| 00| 0 eng d
041 0# - LANGUAGE CODE
Language code of text/sound track or separate title eng
082 00 - DEWEY DECIMAL CLASSIFICATION NUMBER
Classification number 621.3
Item number G9775
100 ## - MAIN ENTRY--PERSONAL NAME
9 (RLIN) 1846
Personal name Gupta, J.B.
245 10 - TITLE STATEMENT
Title A course Electrical Technology In Ratioalized M.K.S.A Units /
250 ## - EDITION STATEMENT
Edition statement 2nd ed.
260 ## - PUBLICATION, DISTRIBUTION, ETC. (IMPRINT)
Place of publication, distribution, etc Ludhiana :
Name of publisher, distributor, etc Katson publication,
Date of publication, distribution, etc 1970.
300 ## - PHYSICAL DESCRIPTION
Extent vi,750p.
365 ## - TRADE PRICE
Unit of pricing 35.00
650 #0 - SUBJECT ADDED ENTRY--TOPICAL TERM
Topical term or geographic name as entry element Electrical technology
942 ## - ADDED ENTRY ELEMENTS (KOHA)
Item type Books
Holdings
Withdrawn status Lost status Source of classification or shelving scheme Damaged status Not for loan Permanent location Current location Date acquired Source of acquisition Full call number Barcode Date last seen Koha item type
          IMU Kolkata IMU Kolkata 1971-08-24 W. Newman & Co. 621.3 G9775 03736 2021-02-02 Books
Designed and Maintained by IMU-KC Library, Kolkata Campus © Copyright All Rights Reserved

webs counters

Powered by Koha